{"text_format":"3","workbook":"xlsx","n_sheets":1,"sheets":["t50"],"read":"whole","date_system":"1900"}

{"sheet":"t50","index":0,"n_rows":168,"n_cols":7,"rows_kept":168,"merged":[[0,0,0,6],[30,0,30,5],[49,0,49,5],[143,0,143,5]]}
["TABELA 50.1 - Estatísticas Agrícolas, Município de Avaí, Estado de São Paulo, 2007/08."]
["ITEM","UNIDADE","N.DE UPAs","MÍNIMO","MÉDIO","MÁXIMO","TOTAL"]
["Distância à sede do município","km",356,0.1,{"v":14.35,"d":"14.4"},{"v":40,"d":"40.0"},"-"]
["Área total","hectare",356,0.5,{"v":134.04,"d":"134.0"},{"v":2193,"d":"2,193.0"},{"v":47717.5,"d":"47,717.5"}]
["Área com cultura perene","hectare",27,2.4,{"v":82.32,"d":"82.3"},940.6,{"v":2222.6,"d":"2,222.6"}]
["Área com cultura temporária","hectare",132,0.1,{"v":44.42,"d":"44.4"},{"v":850,"d":"850.0"},{"v":5864,"d":"5,864.0"}]
["Área com pastagem","hectare",338,0.3,{"v":87.07,"d":"87.1"},{"v":1726.6,"d":"1,726.6"},{"v":29429.5,"d":"29,429.5"}]
["Área com reflorestamento","hectare",50,0.5,{"v":111.82,"d":"111.8"},{"v":1660,"d":"1,660.0"},{"v":5590.8,"d":"5,590.8"}]
["Área com vegetação natural","hectare",252,0.3,{"v":12.45,"d":"12.5"},224.8,{"v":3138.1,"d":"3,138.1"}]
["Área com vegetação de brejo e várzea","hectare",139,0.1,{"v":6.66,"d":"6.7"},65.1,925.8]
["Área em descanso","hectare",15,{"v":1,"d":"1.0"},{"v":6.03,"d":"6.0"},40.1,90.5]
["Área complementar","hectare",242,0.1,{"v":1.89,"d":"1.9"},{"v":100,"d":"100.0"},456.2]
["Área das UPAs com (0, 1] ha","hectare",1,0.5,0.5,0.5,0.5]
["Área das UPAs com (1, 2] ha","hectare",4,1.7,1.9,{"v":2,"d":"2.0"},7.6]
["Área das UPAs com (2, 5] ha","hectare",23,2.1,{"v":4.02,"d":"4.0"},4.8,92.4]
["Área das UPAs com (5, 10] ha","hectare",22,{"v":6,"d":"6.0"},{"v":7.87,"d":"7.9"},9.7,173.1]
["Área das UPAs com (10, 20] ha","hectare",80,10.9,{"v":15.67,"d":"15.7"},{"v":20,"d":"20.0"},{"v":1253.2,"d":"1,253.2"}]
["Área das UPAs com (20, 50] ha","hectare",77,20.5,{"v":31.37,"d":"31.4"},48.9,{"v":2415.3,"d":"2,415.3"}]
["Área das UPAs com (50, 100] ha","hectare",42,50.8,{"v":72.11,"d":"72.1"},96.8,{"v":3028.6,"d":"3,028.6"}]
["Área das UPAs com (100, 200] ha","hectare",44,101.6,{"v":147.27,"d":"147.3"},198.3,{"v":6479.8,"d":"6,479.8"}]
["Área das UPAs com (200, 500] ha","hectare",44,203.2,{"v":309.82,"d":"309.8"},494.9,{"v":13632.2,"d":"13,632.2"}]
["Área das UPAs com (500, 1.000] ha","hectare",12,522.9,{"v":706.18,"d":"706.2"},{"v":968,"d":"968.0"},{"v":8474.2,"d":"8,474.2"}]
["Área das UPAs com (1.000, 2.000] ha","hectare",5,{"v":1124,"d":"1,124.0"},{"v":1579.46,"d":"1,579.5"},{"v":1930.3,"d":"1,930.3"},{"v":7897.3,"d":"7,897.3"}]
["Área das UPAs com (2.000, 5.000] ha","hectare",2,{"v":2070.3,"d":"2,070.3"},{"v":2131.65,"d":"2,131.7"},{"v":2193,"d":"2,193.0"},{"v":4263.3,"d":"4,263.3"}]
["Área das UPAs com (5.000, 10.000] ha","hectare","-","-","-","-","-"]
["Área das UPAs acima de 10.000 ha","hectare","-","-","-","-","-"]
["Familiares do proprietário que trabalham na UPA","unidade",169,{"v":1,"d":"1.0"},{"v":4.97,"d":"5.0"},{"v":570,"d":"570.0"},{"v":840,"d":"840.0"}]
["Trabalhadores permanentes","unidade",164,{"v":1,"d":"1.0"},{"v":2.45,"d":"2.5"},{"v":48,"d":"48.0"},{"v":401,"d":"401.0"}]
["Fonte: Secretaria de Agricultura e Abastecimento, CDRS/IEA, Projeto LUPA."]
[]
["TABELA 50.2 - Explorações Animais, Município de Avaí, Estado de São Paulo, 2007/08."]
["ITEM","UNIDADE","N.DE UPAs","MÍNIMO","MÉDIO","MÁXIMO","TOTAL"]
["Apicultura","colmeias",1,{"v":5,"d":"5.0"},{"v":5,"d":"5.0"},{"v":5,"d":"5.0"},{"v":5,"d":"5.0"}]
["Asininos E Muares","cabeças",9,{"v":1,"d":"1.0"},{"v":7.11,"d":"7.1"},{"v":25,"d":"25.0"},{"v":64,"d":"64.0"}]
["Avicultura de Corte","cabeças/ano",1,{"v":7000,"d":"7,000.0"},{"v":7000,"d":"7,000.0"},{"v":7000,"d":"7,000.0"},{"v":7000,"d":"7,000.0"}]
["Avicultura para Ovos","cabeças",7,{"v":30,"d":"30.0"},{"v":64.29,"d":"64.3"},{"v":200,"d":"200.0"},{"v":450,"d":"450.0"}]
["Bovinocultura de Corte","cabeças",136,{"v":3,"d":"3.0"},{"v":241.45,"d":"241.5"},{"v":5000,"d":"5,000.0"},{"v":32837,"d":"32,837.0"}]
["Bovinocultura Leiteira","cabeças",37,{"v":2,"d":"2.0"},{"v":35.38,"d":"35.4"},{"v":317,"d":"317.0"},{"v":1309,"d":"1,309.0"}]
["Bovinocultura Mista","cabeças",85,{"v":1,"d":"1.0"},{"v":53.86,"d":"53.9"},{"v":465,"d":"465.0"},{"v":4578,"d":"4,578.0"}]
["Bubalinocultura","cabeças",1,{"v":1,"d":"1.0"},{"v":1,"d":"1.0"},{"v":1,"d":"1.0"},{"v":1,"d":"1.0"}]
["Caprinocultura","cabeças",13,{"v":2,"d":"2.0"},{"v":79.38,"d":"79.4"},{"v":380,"d":"380.0"},{"v":1032,"d":"1,032.0"}]
["Cunicultura","cabeças",1,{"v":2,"d":"2.0"},{"v":2,"d":"2.0"},{"v":2,"d":"2.0"},{"v":2,"d":"2.0"}]
["Equinocultura","cabeças",162,{"v":1,"d":"1.0"},{"v":5.05,"d":"5.1"},{"v":60,"d":"60.0"},{"v":818,"d":"818.0"}]
["Minhocultura","canteiros",1,{"v":2,"d":"2.0"},{"v":2,"d":"2.0"},{"v":2,"d":"2.0"},{"v":2,"d":"2.0"}]
["Ovinocultura","cabeças",11,{"v":11,"d":"11.0"},{"v":25.45,"d":"25.5"},{"v":60,"d":"60.0"},{"v":280,"d":"280.0"}]
["Piscicultura","m² tanques",2,{"v":20,"d":"20.0"},{"v":960,"d":"960.0"},{"v":1900,"d":"1,900.0"},{"v":1920,"d":"1,920.0"}]
["Suinocultura","cabeças",18,{"v":3,"d":"3.0"},{"v":20,"d":"20.0"},{"v":100,"d":"100.0"},{"v":360,"d":"360.0"}]
["Fonte: Secretaria de Agricultura e Abastecimento, CDRS/IEA, Projeto LUPA."]
[]
["TABELA 50.3 -  Máquinas, Implementos e Benfeitorias, Município de Avaí, Estado de São Paulo, 2007/08."]
["ITEM","UNIDADE","N.DE UPAs","MÍNIMO","MÉDIO","MÁXIMO","TOTAL"]
["Arado Comum (Bacia, Aiveca)","Unidade",91,{"v":1,"d":"1.0"},{"v":1.22,"d":"1.2"},{"v":5,"d":"5.0"},{"v":111,"d":"111.0"}]
["Arado Escarificador","Unidade",21,{"v":1,"d":"1.0"},{"v":1.24,"d":"1.2"},{"v":3,"d":"3.0"},{"v":26,"d":"26.0"}]
["Arado Subsolador","Unidade",2,{"v":1,"d":"1.0"},{"v":1,"d":"1.0"},{"v":1,"d":"1.0"},{"v":2,"d":"2.0"}]
["Batedeira de Cereais","Unidade",3,{"v":1,"d":"1.0"},{"v":1,"d":"1.0"},{"v":1,"d":"1.0"},{"v":3,"d":"3.0"}]
["Carregadeira de Cana","Unidade",7,{"v":1,"d":"1.0"},{"v":2.57,"d":"2.6"},{"v":8,"d":"8.0"},{"v":18,"d":"18.0"}]
["Conj.Irrigação Convencional","Unidade",4,{"v":1,"d":"1.0"},{"v":1,"d":"1.0"},{"v":1,"d":"1.0"},{"v":4,"d":"4.0"}]
["Conjunto de Fenação","Unidade",2,{"v":1,"d":"1.0"},{"v":2,"d":"2.0"},{"v":3,"d":"3.0"},{"v":4,"d":"4.0"}]
["Desintegrador, Picador, Triturador","Unidade",56,{"v":1,"d":"1.0"},{"v":1.18,"d":"1.2"},{"v":3,"d":"3.0"},{"v":66,"d":"66.0"}]
["Distribuidor de Calcário","Unidade",11,{"v":1,"d":"1.0"},{"v":1.09,"d":"1.1"},{"v":2,"d":"2.0"},{"v":12,"d":"12.0"}]
["Ensiladeira","Unidade",4,{"v":1,"d":"1.0"},1.5,{"v":3,"d":"3.0"},{"v":6,"d":"6.0"}]
["Grade Aradora (Tipo Romi)","Unidade",33,{"v":1,"d":"1.0"},1.3,{"v":6,"d":"6.0"},{"v":43,"d":"43.0"}]
["Grade Niveladora","Unidade",75,{"v":1,"d":"1.0"},{"v":1.15,"d":"1.2"},{"v":4,"d":"4.0"},{"v":86,"d":"86.0"}]
["Implementos para Tração Animal","Unidade",1,{"v":5,"d":"5.0"},{"v":5,"d":"5.0"},{"v":5,"d":"5.0"},{"v":5,"d":"5.0"}]
["Microtrator","Unidade",2,{"v":1,"d":"1.0"},{"v":1,"d":"1.0"},{"v":1,"d":"1.0"},{"v":2,"d":"2.0"}]
["Misturador de Ração","Unidade",3,{"v":1,"d":"1.0"},{"v":1,"d":"1.0"},{"v":1,"d":"1.0"},{"v":3,"d":"3.0"}]
["Ordenhadeira Mecânica","Unidade",1,{"v":2,"d":"2.0"},{"v":2,"d":"2.0"},{"v":2,"d":"2.0"},{"v":2,"d":"2.0"}]
["Pulverizador Tratorizado","Unidade",12,{"v":1,"d":"1.0"},2.5,{"v":12,"d":"12.0"},{"v":30,"d":"30.0"}]
["Resfriador de Leite, Tanque Expansão","Unidade",3,{"v":1,"d":"1.0"},{"v":1,"d":"1.0"},{"v":1,"d":"1.0"},{"v":3,"d":"3.0"}]
["Semeadeira/Adubadeira para Plantio Convencional","Unidade",12,{"v":1,"d":"1.0"},{"v":1.17,"d":"1.2"},{"v":2,"d":"2.0"},{"v":14,"d":"14.0"}]
["Semeadeira/Plantadeira Plantio Direto","Unidade",1,{"v":1,"d":"1.0"},{"v":1,"d":"1.0"},{"v":1,"d":"1.0"},{"v":1,"d":"1.0"}]
["Terraceador","Unidade",2,{"v":1,"d":"1.0"},{"v":1,"d":"1.0"},{"v":1,"d":"1.0"},{"v":2,"d":"2.0"}]
["Trator de Esteiras","Unidade",1,{"v":1,"d":"1.0"},{"v":1,"d":"1.0"},{"v":1,"d":"1.0"},{"v":1,"d":"1.0"}]
["Trator de Pneus","Unidade",133,{"v":1,"d":"1.0"},{"v":1.69,"d":"1.7"},{"v":12,"d":"12.0"},{"v":225,"d":"225.0"}]
["Açude/Represa","Unidade",65,{"v":1,"d":"1.0"},{"v":1.71,"d":"1.7"},{"v":8,"d":"8.0"},{"v":111,"d":"111.0"}]
["Almoxarifado/Oficina","Unidade",10,{"v":1,"d":"1.0"},1.4,{"v":3,"d":"3.0"},{"v":14,"d":"14.0"}]
["Armazém para Grãos Ensacados","Sacas",1,{"v":1,"d":"1.0"},{"v":1,"d":"1.0"},{"v":1,"d":"1.0"},{"v":1,"d":"1.0"}]
["Balança para Bovinos","Unidade",6,{"v":1,"d":"1.0"},{"v":1,"d":"1.0"},{"v":1,"d":"1.0"},{"v":6,"d":"6.0"}]
["Barracão para Bicho da Seda/Sirgaria","Unidade",5,{"v":1,"d":"1.0"},1.6,{"v":3,"d":"3.0"},{"v":8,"d":"8.0"}]
["Barracão para Granja/Avicultura","Unidade",5,{"v":1,"d":"1.0"},1.4,{"v":2,"d":"2.0"},{"v":7,"d":"7.0"}]
["Barracão/Galpão/Garagem","Unidade",116,{"v":1,"d":"1.0"},{"v":1.29,"d":"1.3"},{"v":9,"d":"9.0"},{"v":150,"d":"150.0"}]
["Casa de Moradia Habitada","Unidade",249,{"v":1,"d":"1.0"},{"v":2.18,"d":"2.2"},{"v":145,"d":"145.0"},{"v":544,"d":"544.0"}]
["Casa de Moradia Total","Unidade",301,{"v":1,"d":"1.0"},{"v":2.66,"d":"2.7"},{"v":150,"d":"150.0"},{"v":802,"d":"802.0"}]
["Curral/Mangueira","Unidade",218,{"v":1,"d":"1.0"},{"v":1.04,"d":"1.0"},{"v":3,"d":"3.0"},{"v":226,"d":"226.0"}]
["Depósito/Tulha","Unidade",20,{"v":1,"d":"1.0"},{"v":1.15,"d":"1.2"},{"v":3,"d":"3.0"},{"v":23,"d":"23.0"}]
["Estábulo","Unidade",7,{"v":1,"d":"1.0"},{"v":1.86,"d":"1.9"},{"v":6,"d":"6.0"},{"v":13,"d":"13.0"}]
["Estufa/Plasticultura","m²",24,{"v":1,"d":"1.0"},{"v":1750.13,"d":"1,750.1"},{"v":5000,"d":"5,000.0"},{"v":42003,"d":"42,003.0"}]
["Instalações para Equinos","Unidade",5,{"v":1,"d":"1.0"},{"v":1,"d":"1.0"},{"v":1,"d":"1.0"},{"v":5,"d":"5.0"}]
["Pocilga","Unidade",4,{"v":1,"d":"1.0"},{"v":1,"d":"1.0"},{"v":1,"d":"1.0"},{"v":4,"d":"4.0"}]
["Poço Semi-Artesiano","Unidade",144,{"v":1,"d":"1.0"},{"v":1.09,"d":"1.1"},{"v":4,"d":"4.0"},{"v":157,"d":"157.0"}]
["Silo para Silagem","t",1,{"v":480,"d":"480.0"},{"v":480,"d":"480.0"},{"v":480,"d":"480.0"},{"v":480,"d":"480.0"}]
["Terreiro","m²",1,{"v":150,"d":"150.0"},{"v":150,"d":"150.0"},{"v":150,"d":"150.0"},{"v":150,"d":"150.0"}]
["Fonte: Secretaria de Agricultura e Abastecimento, CDRS/IEA, Projeto LUPA."]
[]
["TABELA 50.4 - Outras Estatísticas Agrícolas, Município de Avaí, Estado de São Paulo, 2007/08."]
["ITEM","Número de UPAs",null,"Percentual"]
["Faz Parte de Associação de Produtores",13,null,{"v":3.6516853932584272,"d":"3.7"}]
["Faz Parte de Cooperativa de Produtores",11,null,{"v":3.0898876404494384,"d":"3.1"}]
["Faz Parte do Sindicato de Produtores",14,null,{"v":3.9325842696629216,"d":"3.9"}]
["Não utiliza assistência técnica ",318,null,{"v":89.32584269662921,"d":"89.3"}]
["Utiliza somente assistência técnica governamental ",20,null,{"v":5.617977528089888,"d":"5.6"}]
["Utiliza somente assistência técnica privada ",16,null,{"v":4.49438202247191,"d":"4.5"}]
["Utiliza assistência técnica tanto governamental quanto privada",2,null,{"v":0.5617977528089888,"d":"0.6"}]
["Utiliza Crédito Rural",13,null,{"v":3.6516853932584272,"d":"3.7"}]
["Utiliza Seguro Rural",8,null,{"v":2.247191011235955,"d":"2.2"}]
["Utiliza Escrituração Agrícola",320,null,{"v":89.8876404494382,"d":"89.9"}]
["Acessa Internet p/ Fins na Agropecuária",17,null,{"v":4.775280898876405,"d":"4.8"}]
["Utiliza Computador nas Atividades Agropecuárias",17,null,{"v":4.775280898876405,"d":"4.8"}]
["Utiliza Energia Elétrica Para Uso na Atividade Agrícola",328,null,{"v":92.13483146067415,"d":"92.1"}]
["Realiza Análise de Solo, quando necessário",148,null,{"v":41.57303370786517,"d":"41.6"}]
["Utiliza Práticas de Conservação de Solo, quando necessário",214,null,{"v":60.1123595505618,"d":"60.1"}]
["Faz Adubação Mineral, quando necessário",111,null,{"v":31.179775280898877,"d":"31.2"}]
["Faz Adubação Orgânica, quando necessário",65,null,{"v":18.258426966292134,"d":"18.3"}]
["Faz Adubação Verde, quando necessário",22,null,{"v":6.179775280898877,"d":"6.2"}]
["Utiliza Manejo Integrado de Pragas (MIP)","-",null,"-"]
["Utiliza Hidroponia","-",null,"-"]
["Utiliza Plasticultura",35,null,{"v":9.831460674157304,"d":"9.8"}]
["Utiliza Mudas Fiscalizadas",35,null,{"v":9.831460674157304,"d":"9.8"}]
["Utiliza Semente Melhorada",23,null,{"v":6.460674157303371,"d":"6.5"}]
["Faz Confinamento de Bovinos",10,null,{"v":2.808988764044944,"d":"2.8"}]
["Utiliza Pastejo Intensivo",93,null,{"v":26.123595505617974,"d":"26.1"}]
["Faz Inseminação Artificial",6,null,{"v":1.6853932584269662,"d":"1.7"}]
["Faz Mineralização do Rebanho",225,null,{"v":63.20224719101124,"d":"63.2"}]
["Faz Vermifugação do Rebanho",231,null,{"v":64.8876404494382,"d":"64.9"}]
["Possui Parceiros /Arrendatários na Exploração Animal",26,null,{"v":7.3033707865168545,"d":"7.3"}]
["Esporte e lazer","-",null,"-"]
["Extração mineral","-",null,"-"]
["Hotel Fazenda, Pousada ou SPA","-",null,"-"]
["Pesque-pague","-",null,"-"]
["Restaurante ou Lanchonete",2,null,{"v":0.5617977528089888,"d":"0.6"}]
["Transformação artesanal","-",null,"-"]
["Turismo rural ou ecoturismo","-",null,"-"]
["Outras atividades econômicas rurais",1,null,{"v":0.2808988764044944,"d":"0.3"}]
["Agroindústria","-",null,"-"]
["Proprietário sem instrução ou com instrução incompleta",4,null,{"v":1.1235955056179776,"d":"1.1"}]
["Proprietário com antigo primário completo",93,null,{"v":26.123595505617974,"d":"26.1"}]
["Proprietário com 1° grau (ou antigo ginasial) completo",39,null,{"v":10.955056179775282,"d":"11.0"}]
["Proprietário com 2° grau (ou antigo colegial) completo",102,null,{"v":28.651685393258425,"d":"28.7"}]
["Proprietário com curso superior completo ",109,null,{"v":30.617977528089888,"d":"30.6"}]
["Pessoa Jurídica",9,null,{"v":2.528089887640449,"d":"2.5"}]
["Proprietário residente na própria UPA ",93,null,{"v":26.123595505617974,"d":"26.1"}]
["Fonte: Secretaria de Agricultura e Abastecimento, CDRS/IEA, Projeto LUPA."]
[]
["TABELA 50.5 - Área Cultivada, Município de Avaí, Estado de São Paulo, 2007/08."]
["CULTURA","N.DE UPAs","MÍNIMO","MÉDIO","MÁXIMO","TOTAL"]
["Braquiaria",338,0.3,{"v":86.74,"d":"86.7"},{"v":1617.6,"d":"1,617.6"},{"v":29319.5,"d":"29,319.5"}]
["Eucalipto",49,0.5,{"v":114.07,"d":"114.1"},{"v":1660,"d":"1,660.0"},{"v":5589.3,"d":"5,589.3"}]
["Cana-de-acucar",99,0.5,{"v":55.56,"d":"55.6"},{"v":850,"d":"850.0"},{"v":5500.6,"d":"5,500.6"}]
["Laranja",13,2.4,{"v":143.45,"d":"143.5"},940.6,{"v":1864.9,"d":"1,864.9"}]
["Milho",19,0.5,{"v":12.32,"d":"12.3"},{"v":85,"d":"85.0"},234.1]
["Seringueira",2,3.5,{"v":107.75,"d":"107.8"},{"v":212,"d":"212.0"},215.5]
["Coloniao",1,{"v":109,"d":"109.0"},{"v":109,"d":"109.0"},{"v":109,"d":"109.0"},{"v":109,"d":"109.0"}]
["Mandioca",5,0.5,{"v":16.72,"d":"16.7"},{"v":70,"d":"70.0"},83.6]
["Cafe",10,1.4,{"v":6.97,"d":"7.0"},{"v":30,"d":"30.0"},69.7]
["Coco-da-baia",2,1.2,24.6,{"v":48,"d":"48.0"},49.2]
["Outras olericolas",1,{"v":30,"d":"30.0"},{"v":30,"d":"30.0"},{"v":30,"d":"30.0"},{"v":30,"d":"30.0"}]
["Amora (ou amora-branca)",3,1.2,3.6,4.8,10.8]
["Lichia",1,{"v":10,"d":"10.0"},{"v":10,"d":"10.0"},{"v":10,"d":"10.0"},{"v":10,"d":"10.0"}]
["Pimentao",27,0.1,{"v":0.27,"d":"0.3"},{"v":1,"d":"1.0"},7.3]
["Melancia",1,{"v":5,"d":"5.0"},{"v":5,"d":"5.0"},{"v":5,"d":"5.0"},{"v":5,"d":"5.0"}]
["Manga",1,2.5,2.5,2.5,2.5]
["Maracuja",2,0.4,{"v":0.95,"d":"1.0"},1.5,1.9]
["Painco",1,{"v":1,"d":"1.0"},{"v":1,"d":"1.0"},{"v":1,"d":"1.0"},{"v":1,"d":"1.0"}]
["Capim-napier (ou capim-elefante)",1,{"v":1,"d":"1.0"},{"v":1,"d":"1.0"},{"v":1,"d":"1.0"},{"v":1,"d":"1.0"}]
["Pinus",1,{"v":1,"d":"1.0"},{"v":1,"d":"1.0"},{"v":1,"d":"1.0"},{"v":1,"d":"1.0"}]
["Outras florestais",1,0.5,0.5,0.5,0.5]
["Abobora (ou jerimum)",1,0.5,0.5,0.5,0.5]
["Fonte: Secretaria de Agricultura e Abastecimento, CDRS/IEA, Projeto LUPA."]